[Event "Prva liga Centralne Srbije 2010"]
[Site "Valjevo"]
[Date "2010.09.22"]
[Round "6.1"]
[White "Szabo, Gergely-Andras-Gyula"]
[Black "Savicevic, Vlatko"]
[Result "1-0"]
[WhiteElo "2552"]
[BlackElo "2353"]
[PlyCount "49"]
[EventDate "2010.09.18"]

1. e4 d6 2. d4 Nf6 3. Nc3 g6 4. f4 Bg7 5. Nf3 O-O 6. Bd3 Nc6 7. e5 dxe5 8. fxe5
Nd5 9. Nxd5 Qxd5 10. c3 Be6 11. O-O Rad8 12. Bf4 Qd7 13. Qe1 Bg4 14. Kh1 Bxf3
15. Rxf3 Nxd4 16. cxd4 Qxd4 17. Qe2 e6 18. Re1 Qa4 19. Bc4 Rd4 20. Bb3 Qa5 21.
Ref1 Rd7 22. Qf2 Bxe5 23. Bxe6 Bd4 24. Be3 Bxe3 25. Qxe3 1-0

[Event "Prva liga Centralne Srbije 2010"]
[Site "Valjevo"]
[Date "2010.09.22"]
[Round "6.1"]
[White "Simic, Dragisa"]
[Black "Boskovic, Drasko"]
[Result "1/2-1/2"]
[WhiteElo "2348"]
[BlackElo "2417"]
[PlyCount "56"]
[EventDate "2010.09.18"]

1. e4 c5 2. Nf3 Nc6 3. Bb5 d6 4. O-O Bd7 5. Re1 Nf6 6. c3 a6 7. Bf1 Bg4 8. h3
Bxf3 9. Qxf3 g6 10. d3 Bg7 11. Nd2 O-O 12. Qd1 Nd7 13. Nf3 e5 14. g3 b5 15. Be3
Re8 16. Qd2 Rb8 17. h4 Nf6 18. Bh3 Qc7 19. Nh2 b4 20. Ng4 Nxg4 21. Bxg4 bxc3
22. bxc3 h5 23. Bd1 Na5 24. Ba4 Rec8 25. Rab1 Rb6 26. Bc2 Rcb8 27. Rxb6 Rxb6
28. Rb1 Kh7 1/2-1/2

[Event "Prva liga Centralne Srbije 2010"]
[Site "Valjevo"]
[Date "2010.09.22"]
[Round "6.1"]
[White "Stankovic, Milos"]
[Black "Adzic, Momcilo"]
[Result "1-0"]
[WhiteElo "2315"]
[BlackElo "2269"]
[PlyCount "111"]
[EventDate "2010.09.18"]

1. e4 e5 2. Nf3 Nc6 3. Bb5 d6 4. d4 Bd7 5. Nc3 exd4 6. Nxd4 Nf6 7. Nxc6 bxc6 8.
Bc4 Be7 9. O-O O-O 10. Bf4 Ng4 11. h3 Ne5 12. Bb3 Bf6 13. Be3 Be6 14. Qe2 Nd7
15. Bxe6 fxe6 16. Qc4 Qe7 17. Qxc6 Ne5 18. Qa6 Rfb8 19. Rab1 c5 20. Rfd1 Nf7
21. Na4 Rb4 22. c3 Rb7 23. Bf4 Rd8 24. b3 Rbd7 25. Qe2 Ne5 26. Rd2 g5 27. Bg3
Kh8 28. Rbd1 Rc8 29. Nb2 Rc6 30. Nc4 Nxc4 31. Qxc4 e5 32. b4 Rdc7 33. b5 Rb6
34. a4 a6 35. Rb2 axb5 36. axb5 Rcb7 37. Qe2 Ra7 38. c4 Qf7 39. Ra2 Rab7 40.
Ra4 h5 41. f3 Qe6 42. Be1 Rg7 43. Ra8+ Kh7 44. g4 hxg4 45. hxg4 Kg6 46. Rda1
Rbb7 47. R1a6 Rh7 48. Qd3 Rh3 49. Rxd6 Rbh7 50. Bc3 Rh1+ 51. Kf2 R1h2+ 52. Ke3
Qe7 53. Qd5 Rc2 54. Bxe5 Rhh2 55. Qg8+ Kh6 56. Qh8+ 1-0

[Event "Prva liga Centralne Srbije 2010"]
[Site "Valjevo"]
[Date "2010.09.22"]
[Round "6.1"]
[White "Rajevic, Gavrilo"]
[Black "Krstic, Petar"]
[Result "1-0"]
[WhiteElo "2286"]
[BlackElo "2347"]
[PlyCount "93"]
[EventDate "2010.09.18"]

1. Nf3 d5 2. g3 Nf6 3. Bg2 g6 4. O-O Bg7 5. d3 O-O 6. c4 c6 7. cxd5 Nxd5 8. e4
Nb6 9. Nc3 a5 10. Be3 a4 11. a3 Be6 12. Qe2 Bb3 13. Rac1 Na6 14. h4 h5 15. Bh3
Nd7 16. d4 Nc7 17. Rfe1 Ne6 18. d5 Nec5 19. dxc6 bxc6 20. Nd4 Qc7 21. Bxd7 Qxd7
22. Nxc6 Nd3 23. Nxe7+ Kh7 24. Ned5 Nxc1 25. Bxc1 Rab8 26. Qd3 Rb7 27. Be3 Rc8
28. Bd4 Bc4 29. Qd1 Bb3 30. Qd3 Bc4 31. Qd1 Bb3 32. Qd2 Rc4 33. Bxg7 Kxg7 34.
Qg5 Qe6 35. Nf4 Qg4 36. Qe5+ f6 37. Qd6 Rc8 38. Ncd5 Rf7 39. e5 fxe5 40. Qxe5+
Kh6 41. Ne3 Qf3 42. Qg5+ Kg7 43. Qxg6+ Kh8 44. Nf5 Bd5 45. Nxd5 Qxf5 46. Qxf5
Rxf5 47. Ne7 1-0

[Event "Prva liga Centralne Srbije 2010"]
[Site "Valjevo"]
[Date "2010.09.22"]
[Round "6.1"]
[White "Misailovic, Nebojsa"]
[Black "Rasic, Goran"]
[Result "1-0"]
[WhiteElo "2303"]
[BlackElo "2219"]
[PlyCount "109"]
[EventDate "2010.09.18"]

1. e4 c5 2. Nf3 Nc6 3. d4 cxd4 4. Nxd4 e5 5. Nb5 d6 6. N1c3 a6 7. Na3 b5 8. Nd5
Nf6 9. Bg5 Be7 10. Nxe7 Nxe7 11. Bd3 Bb7 12. Qe2 O-O 13. O-O Ng6 14. c4 b4 15.
Nc2 a5 16. b3 h6 17. Bd2 Nd7 18. a3 Nc5 19. axb4 Nxb3 20. Ra4 axb4 21. Rxa8
Bxa8 22. Bxb4 Nf4 23. Qe3 Ne6 24. Rd1 Nbc5 25. f3 Bc6 26. Be2 Ba4 27. Rd2 Bxc2
28. Rxc2 Nd4 29. Rb2 Qa8 30. Ba3 Qa5 31. Bf1 Ra8 32. Bb4 Qc7 33. Bc3 Nce6 34.
Qf2 Ra3 35. Bb4 Ra4 36. Bd2 Qa7 37. h4 Ra1 38. Be3 Ra3 39. Kh1 Ra1 40. Kh2 Qa3
41. Bxd4 Nxd4 42. c5 Qxc5 43. Rb8+ Kh7 44. Rb7 Qc1 45. Bd3 Qf4+ 46. g3 Qc1 47.
Qg2 Qa3 48. Bc4 Nxf3+ 49. Kh3 Ng1+ 50. Kg4 d5 51. Qf2 Nf3 52. Bxd5 h5+ 53. Kxh5
Qd6 54. Kg4 Rf1 55. Qb6 {crni prekoracio vreme za razmisljanje} 1-0

[Event "Prva liga Centralne Srbije 2010"]
[Site "Valjevo"]
[Date "2010.09.22"]
[Round "6.2"]
[White "Dancevski, Orce"]
[Black "Simantsev, Mikhail"]
[Result "1/2-1/2"]
[WhiteElo "2402"]
[BlackElo "2541"]
[PlyCount "135"]
[EventDate "2010.09.18"]

1. d4 Nf6 2. c4 e6 3. Nf3 b6 4. e3 Bb7 5. Bd3 d5 6. O-O Bd6 7. Nc3 O-O 8. cxd5
exd5 9. Nb5 Be7 10. Qc2 c5 11. Ne5 c4 12. Bf5 g6 13. Bh3 a6 14. Nc3 b5 15. a3
Nc6 16. Bd2 Nxe5 17. dxe5 Ne4 18. Nxe4 dxe4 19. Rac1 Qb6 20. Bc3 Rad8 21. Bg4
h5 22. Be2 Qe6 23. Rcd1 Bc5 24. Qc1 Rfe8 25. Rxd8 Rxd8 26. Rd1 Rxd1+ 27. Qxd1
Qd5 28. Bd4 Bxd4 29. Qxd4 Qxd4 30. exd4 f6 31. exf6 Kf7 32. f3 exf3 33. gxf3
Kxf6 34. Kf2 Bd5 35. Ke3 a5 36. Bd1 b4 37. axb4 axb4 38. Bc2 Be6 39. Be4 Bf5
40. Bd5 Be6 41. Be4 Bf5 42. Bd5 c3 43. bxc3 bxc3 44. f4 h4 45. Bb3 Ke7 46. Bc4
Kd6 47. Bf7 Kc6 48. Ke2 Kb5 49. Kd1 Kb4 50. Kc1 Ka4 51. Bg8 Kb5 52. Bf7 Kc6 53.
Kd1 Kd6 54. Ke2 Be4 55. Ke3 Ke7 56. Bb3 Bb1 57. Bd5 Kf6 58. Bc6 Bc2 59. Bb5 Be4
60. Ba4 c2 61. Kd2 Kf5 62. Bxc2 Bxc2 63. Kxc2 Kxf4 64. d5 Ke5 65. Kd3 Kxd5 66.
Ke3 Ke5 67. Kf3 Kd5 68. h3 1/2-1/2

[Event "Prva liga Centralne Srbije 2010"]
[Site "Valjevo"]
[Date "2010.09.22"]
[Round "6.2"]
[White "Milenkovic, Mladen"]
[Black "Dudukovic, Nikola"]
[Result "1-0"]
[WhiteElo "2406"]
[BlackElo "2237"]
[PlyCount "149"]
[EventDate "2010.09.18"]

1. f4 Nf6 2. Nf3 c5 3. Nc3 d5 4. e3 e6 5. b3 Be7 6. Bb5+ Bd7 7. Qe2 O-O 8. Bb2
a6 9. Bxd7 Nbxd7 10. Nd1 b5 11. Nf2 c4 12. O-O Rc8 13. g4 Ne4 14. Nxe4 dxe4 15.
Nd4 Nb6 16. a3 cxb3 17. cxb3 Nd7 18. Rad1 Nc5 19. b4 Nd3 20. Bc3 Qd5 21. g5
Rfe8 22. Qg2 Bf8 23. f5 exf5 24. Rxf5 Qb7 25. Rdf1 Ne5 26. h4 g6 27. R5f4 Bg7
28. Kh1 Nc4 29. Qf2 Rc7 30. h5 Qd5 31. hxg6 hxg6 32. Qg3 Be5 33. Qh3 Bxf4 34.
Ne6 f6 35. Nxc7 Bxc7 36. Bxf6 Kf7 37. Qh7+ Ke6 38. Qxc7 Qd7 39. Qf4 Kd5 40. Kh2
Ne5 41. Bxe5 Rxe5 42. Rc1 Rf5 43. Rc5+ Ke6 44. Qxe4+ Kf7 45. Rxf5+ gxf5 46. Qd4
Qb7 47. Kg3 Qc7+ 48. Qf4 Qd7 49. e4 Qd3+ 50. Kh4 Qe2 51. exf5 Qe1+ 52. Kh5 Qd1+
53. Kh4 Qe1+ 54. Kh3 Qh1+ 55. Kg3 Qg1+ 56. Kf3 Qf1+ 57. Ke3 Qg1+ 58. Ke4 Qg2+
59. Kd4 Qg1+ 60. Qe3 Qg4+ 61. Ke5 Qc4 62. Qa7+ Ke8 63. Qb8+ Kf7 64. g6+ Kg7 65.
Qa7+ Kh6 66. Qh7+ Kg5 67. Qe7+ Kg4 68. d4 Qd3 69. Qe6 Qe3+ 70. Kd5 Qb3+ 71. Kd6
Qxa3 72. g7 Qxb4+ 73. Kc6 Qc3+ 74. Kb7 Qf3+ 75. d5 1-0

[Event "Prva liga Centralne Srbije 2010"]
[Site "Valjevo"]
[Date "2010.09.22"]
[Round "6.2"]
[White "Djokic, Nebojsa"]
[Black "Brankovic, Dejan"]
[Result "1/2-1/2"]
[WhiteElo "2198"]
[BlackElo "2343"]
[PlyCount "21"]
[EventDate "2010.09.18"]

1. e4 Nf6 2. e5 Nd5 3. d4 d6 4. Nf3 Bg4 5. Be2 e6 6. h3 Bh5 7. O-O Be7 8. c4
Nb6 9. Nc3 O-O 10. Be3 N6d7 11. Qb3 1/2-1/2

[Event "Prva liga Centralne Srbije 2010"]
[Site "Valjevo"]
[Date "2010.09.22"]
[Round "6.2"]
[White "Ilic, Aleksandar"]
[Black "Milosevic, Aleksandar"]
[Result "0-1"]
[WhiteElo "2144"]
[BlackElo "2254"]
[PlyCount "144"]
[EventDate "2010.09.18"]

1. e4 c5 2. Nf3 e6 3. d4 cxd4 4. Nxd4 a6 5. Nc3 b5 6. Be3 Bb7 7. Bd3 d6 8. f3
Nf6 9. Qd2 Nbd7 10. a3 Rc8 11. O-O Be7 12. Rac1 O-O 13. Nde2 Ne5 14. Nf4 Nfd7
15. Qf2 Bh4 16. g3 Be7 17. Rfd1 Re8 18. Rd2 Qc7 19. Rcd1 Bc6 20. Nfe2 Nc4 21.
Bxc4 bxc4 22. b4 cxb3 23. cxb3 Qb8 24. b4 Ne5 25. Nd4 Bb7 26. Rc2 Rc4 27. Nce2
Rxc2 28. Nxc2 d5 29. exd5 Bxd5 30. Ncd4 Qa8 31. Rf1 Rc8 32. Nf4 Bb7 33. Qd2 Rd8
34. Qc2 Rxd4 35. Bxd4 Nxf3+ 36. Rxf3 Bxf3 37. Qc7 Qb7 38. Qe5 Bf6 39. Qd6 Be7
40. Qe5 Bf6 41. Qd6 Qe7 42. Qb6 Qd8 43. Qxd8+ Bxd8 44. Nd3 Be2 45. Nc5 Bc4 46.
Be5 f6 47. Bd6 Bb6 48. Kf2 Kf7 49. Ke3 e5 50. Kd2 Bxc5 51. Bxc5 Ke6 52. Ke3 Bb5
53. h4 Bc6 54. Kd3 h5 55. Bf8 Bb5+ 56. Ke4 g5 57. hxg5 fxg5 58. Bg7 Bc6+ 59.
Ke3 Kf5 60. Kf2 h4 61. gxh4 gxh4 62. Bf8 Kg4 63. Bd6 Kf4 64. Kg1 Bd7 65. Be7 h3
66. Bd6 Ke4 67. Kh2 Kd5 68. Bc7 e4 69. Bb6 Kc4 70. Bf2 Kd3 71. a4 Kd2 72. b5
Bxb5 0-1

[Event "Prva liga Centralne Srbije 2010"]
[Site "Valjevo"]
[Date "2010.09.22"]
[Round "6.3"]
[White "Iotov, Valentin"]
[Black "Kojovic, Dragan"]
[Result "1-0"]
[WhiteElo "2588"]
[BlackElo "2388"]
[PlyCount "72"]
[EventDate "2010.09.18"]

1. d4 Nf6 2. c4 g6 3. Nc3 d5 4. Bg5 Ne4 5. Bh4 Nxc3 6. bxc3 c5 7. cxd5 Qxd5 8.
e3 Nc6 9. Qf3 Qxf3 10. Nxf3 Bg7 11. Bb5 Bd7 12. Rb1 Rc8 13. O-O cxd4 14. cxd4
Na5 15. a4 f6 16. Bg3 Bxb5 17. axb5 Kd7 18. b6 a6 19. Bc7 Nc4 20. Rbc1 Rxc7 21.
bxc7 b5 22. Ra1 Ra8 23. Rfb1 Nd6 24. Rc1 a5 25. Ne1 e5 26. Nd3 exd4 27. exd4 f5
28. Nc5+ Kc8 29. Ne6 Bf6 30. Rab1 a4 31. Rc6 Be7 32. Nf4 Kb7 33. Rc5 a3 34. Nd5
Bf8 35. Rbxb5+ Nxb5 36. Rxb5+ Kc6 1-0

[Event "Prva liga Centralne Srbije 2010"]
[Site "Valjevo"]
[Date "2010.09.22"]
[Round "6.3"]
[White "Solomunovic, Igor"]
[Black "Nestorovic, Nikola"]
[Result "1/2-1/2"]
[WhiteElo "2406"]
[BlackElo "2420"]
[PlyCount "63"]
[EventDate "2010.09.18"]

1. d4 Nf6 2. Nf3 e6 3. c4 b6 4. g3 Bb7 5. Bg2 c5 6. O-O cxd4 7. Qxd4 Nc6 8. Qf4
Ne7 9. Nc3 Ng6 10. Qd4 Bc5 11. Qd3 d5 12. cxd5 Nxd5 13. Bg5 f6 14. Bd2 Nxc3 15.
Qxc3 Rc8 16. Be3 Qe7 17. Rfd1 O-O 18. Bxc5 Rxc5 19. Qe3 e5 20. h4 e4 21. Nd4 f5
22. h5 Ne5 23. Qb3+ Rc4 24. Rac1 Qf7 25. Rxc4 Qxc4 26. Qxc4+ Nxc4 27. b3 Ne5
28. f4 exf3 29. Nxf3 Re8 30. Nxe5 Bxg2 31. Kxg2 Rxe5 32. Kf3 1/2-1/2

[Event "Prva liga Centralne Srbije 2010"]
[Site "Valjevo"]
[Date "2010.09.22"]
[Round "6.3"]
[White "Todorovic, Jovan"]
[Black "Vratonjic, Slobo"]
[Result "1/2-1/2"]
[WhiteElo "2417"]
[BlackElo "2404"]
[PlyCount "24"]
[EventDate "2010.09.18"]

1. e4 c5 2. Nf3 e6 3. d4 cxd4 4. Nxd4 Nc6 5. Nb5 d6 6. Bf4 e5 7. Be3 Be6 8. Nd2
Nf6 9. Bg5 Be7 10. Nc3 a6 11. Bxf6 Bxf6 12. Nc4 Nd4 1/2-1/2

[Event "Prva liga Centralne Srbije 2010"]
[Site "Valjevo"]
[Date "2010.09.22"]
[Round "6.3"]
[White "Rabrenovic, Vladan"]
[Black "Stamenkovic, Dragan"]
[Result "1-0"]
[WhiteElo "2384"]
[BlackElo "2370"]
[PlyCount "137"]
[EventDate "2010.09.18"]

1. d4 d5 2. c4 c6 3. Nf3 Nf6 4. Nc3 e6 5. g3 Nbd7 6. Bg2 dxc4 7. a4 Bb4 8. O-O
O-O 9. Qc2 Qe7 10. Na2 Bd6 11. Qxc4 e5 12. Nc3 Nb6 13. Qb3 exd4 14. Nxd4 Bc5
15. Rd1 Rd8 16. Be3 Nfd5 17. Nxd5 Nxd5 18. Bxd5 cxd5 19. Nc2 Be6 20. Bxc5 Qxc5
21. Nd4 Qe7 22. Rd3 Rdc8 23. Rad1 Rc4 24. Re3 Re8 25. Nf5 Qc5 26. Qb5 Qxb5 27.
axb5 Re4 28. Rxe4 dxe4 29. Nd6 Rb8 30. Nxe4 b6 31. Nc3 Kf8 32. f3 Rc8 33. Ra1
Rc7 34. Kf2 Ke7 35. Ke3 Kd6 36. Kd4 f5 37. Ra4 Bd7 38. Rc4 Rc5 39. b4 Rxc4+ 40.
Kxc4 Be6+ 41. Kd4 Bd7 42. e4 fxe4 43. fxe4 Bh3 44. e5+ Kd7 45. Ne4 Bf1 46. Nd6
Be2 47. Ke3 Bf1 48. g4 Ke6 49. Ke4 Kd7 50. h4 Be2 51. Kf4 Bd3 52. Ke3 Bf1 53.
Kd4 Be2 54. g5 Bf1 55. Ke3 Bh3 56. Kf4 Bf1 57. h5 Bd3 58. h6 gxh6 59. gxh6 Ke6
60. Nc8 Bxb5 61. Nxa7 Bd7 62. Ke4 b5 63. Kd4 Kf5 64. Kd5 Kg6 65. Kd6 Bf5 66.
Nxb5 Kxh6 67. Nd4 Bh3 68. b5 Kg6 69. e6 1-0

[Event "Prva liga Centralne Srbije 2010"]
[Site "Valjevo"]
[Date "2010.09.22"]
[Round "6.3"]
[White "Jesic, Dusan"]
[Black "Sredojevic, Ivan"]
[Result "1/2-1/2"]
[WhiteElo "2363"]
[BlackElo "2390"]
[PlyCount "153"]
[EventDate "2010.09.18"]

1. e4 c5 2. Nf3 e6 3. d4 cxd4 4. Nxd4 Nf6 5. Nc3 d6 6. f4 a6 7. Qf3 Qb6 8. Nb3
Nbd7 9. g4 h6 10. h4 g6 11. Be3 Qc7 12. g5 hxg5 13. hxg5 Rxh1 14. Qxh1 Nh5 15.
O-O-O b5 16. a3 Bb7 17. Qh3 Rc8 18. f5 Ng7 19. fxg6 fxg6 20. Nd4 Nc5 21. Bg2 e5
22. Rf1 exd4 23. Bxd4 Nh5 24. Bxc5 Qxc5 25. Qe6+ Be7 26. Qxg6+ Kd8 27. Qxh5
Qxg5+ 28. Qxg5 Bxg5+ 29. Kb1 Ke7 30. Nd5+ Bxd5 31. exd5 Bf6 32. Bh3 Rh8 33. Be6
a5 34. c3 Rh2 35. Rf4 Rh4 36. Rf2 b4 37. cxb4 axb4 38. Ka2 bxa3 39. Kxa3 Rh1
40. Ka4 Rb1 41. b4 Bc3 42. Rf4 Bd2 43. Rg4 Kd8 44. Kb5 Kc7 45. Rd4 Be1 46. Re4
Bd2 47. Bf5 Rb2 48. Bg6 Kb7 49. Be8 Rb1 50. Bc6+ Kc7 51. Re7+ Kd8 52. Re4 Kc7
53. Be8 Rb2 54. Bg6 Kb7 55. Rg4 Kc7 56. Rd4 Be1 57. Bd3 Kb7 58. Re4 Bd2 59.
Re7+ Kc8 60. Kb6 Kd8 61. Re2 Bc3 62. Rxb2 Bxb2 63. Bf5 Ba3 64. b5 Bb4 65. Kb7
Ba3 66. Kb8 Bc5 67. Kb7 Ba3 68. b6 Bc5 69. Ka6 Bf2 70. Kb5 Be3 71. Kc6 Bf2 72.
b7 Ba7 73. Kxd6 Bb8+ 74. Kc6 Ke8 75. Bg6+ Kd8 76. Bh5 Bd6 77. Kxd6 1/2-1/2

[Event "Prva liga Centralne Srbije 2010"]
[Site "Valjevo"]
[Date "2010.09.22"]
[Round "6.3"]
[White "Lazic, Dragoljub"]
[Black "Nestorovic, Lazar"]
[Result "1/2-1/2"]
[WhiteElo "2319"]
[BlackElo "2335"]
[PlyCount "111"]
[EventDate "2010.09.18"]

1. e4 c5 2. Nf3 e6 3. d4 cxd4 4. Nxd4 Nf6 5. Nc3 d6 6. f4 Nc6 7. Be3 Be7 8. Qf3
e5 9. Nxc6 bxc6 10. fxe5 dxe5 11. Bc4 O-O 12. h3 Qa5 13. Bd2 Qb6 14. Bb3 Ba6
15. Be3 Qb7 16. O-O-O Rab8 17. Qf2 Bb4 18. Bxa7 Ra8 19. Bc5 Rfb8 20. Rhe1 Bxc3
21. bxc3 Bb5 22. Bd6 Re8 23. g4 Ba4 24. g5 Nh5 25. Rd2 Nf4 26. Qf3 Qb5 27. c4
Qa5 28. c5 Ne6 29. Bxe6 Rxe6 30. Rf1 Qa7 31. c4 f6 32. Qc3 fxg5 33. Rdf2 h6 34.
Bxe5 Qxc5 35. Bxg7 Rxe4 36. Rf8+ Kh7 37. R8f5 Qxc4 38. Be5 Ra7 39. Rf8 Qxc3+
40. Bxc3 Re6 41. h4 Re2 42. Rh8+ Kg6 43. Rf6+ Kh5 44. Rhxh6+ Kg4 45. Bd2 Bb5
46. hxg5 Rxa2 47. Rd6 Ra1+ 48. Kb2 Rd1 49. Kc3 Rexd2 50. Rxd2 Rxd2 51. Kxd2
Kxg5 52. Rd6 Kf5 53. Kc3 Ke5 54. Rd8 c5 55. Rb8 Bf1 56. Rf8 1/2-1/2

[Event "Prva liga Centralne Srbije 2010"]
[Site "Valjevo"]
[Date "2010.09.22"]
[Round "6.4"]
[White "Djukic, Zeljko"]
[Black "Milanovic, Slavisa"]
[Result "1/2-1/2"]
[WhiteElo "2382"]
[BlackElo "2389"]
[PlyCount "20"]
[EventDate "2010.09.18"]

1. d4 Nf6 2. c4 e6 3. Nc3 Bb4 4. Bd2 O-O 5. a3 Bxc3 6. Bxc3 Ne4 7. Qc2 f5 8.
Nf3 d6 9. e3 b6 10. Be2 Bb7 1/2-1/2

[Event "Prva liga Centralne Srbije 2010"]
[Site "Valjevo"]
[Date "2010.09.22"]
[Round "6.5"]
[White "Markovic, Zoran S"]
[Black "Rusev, Krasimir"]
[Result "1/2-1/2"]
[WhiteElo "2343"]
[BlackElo "2524"]
[PlyCount "89"]
[EventDate "2010.09.18"]

1. e4 d6 2. d4 Nf6 3. Nc3 e5 4. Nf3 Nbd7 5. Bc4 Be7 6. O-O O-O 7. Re1 a6 8. a4
b6 9. Ba2 c6 10. Be3 Bb7 11. Nh4 g6 12. dxe5 Nxe5 13. h3 b5 14. Bh6 Re8 15. Nf3
Bf8 16. Bg5 Bg7 17. Nxe5 dxe5 18. Qxd8 Rexd8 19. f3 h6 20. Be3 Bf8 21. Red1 Nd7
22. axb5 axb5 23. Bb3 Nc5 24. Rxd8 Rxd8 25. Ra7 Ra8 26. Rxa8 Bxa8 27. Ba2 Bb7
28. Kf2 Kg7 29. Ne2 Bc8 30. Nc1 Bd6 31. Nd3 Nxd3+ 32. cxd3 f5 33. Ke2 h5 34.
Bf2 Kf6 35. Bb6 Ke7 36. Bf2 Kf6 37. Bb6 f4 38. Bd8+ Kg7 39. Bb6 g5 40. Bd8 g4
41. hxg4 hxg4 42. Bb6 Bd7 43. Bb3 Kh8 44. Bd8 Kh7 45. Bb6 1/2-1/2

[Event "Prva liga Centralne Srbije 2010"]
[Site "Valjevo"]
[Date "2010.09.22"]
[Round "6.5"]
[White "Radovanovic, Dusan"]
[Black "Nestorovic, Dejan"]
[Result "1/2-1/2"]
[WhiteElo "2387"]
[BlackElo "2414"]
[PlyCount "42"]
[EventDate "2010.09.18"]

1. d4 Nf6 2. Nf3 e6 3. c4 Bb4+ 4. Nbd2 O-O 5. g3 d5 6. Bg2 dxc4 7. Qc2 Nc6 8.
Qxc4 Qd5 9. O-O Rd8 10. e3 Qh5 11. Ne5 Nxe5 12. Qxb4 Nc6 13. Qc4 e5 14. d5 Ne7
15. e4 c6 16. Qc5 Ng6 17. dxc6 bxc6 18. f3 Ba6 19. Re1 Nd7 20. Qa3 Bb5 21. Nb3
Nb6 1/2-1/2

[Event "Prva liga Centralne Srbije 2010"]
[Site "Valjevo"]
[Date "2010.09.22"]
[Round "6.5"]
[White "Lapcevic, Milos"]
[Black "Radivojevic, Ivan"]
[Result "1/2-1/2"]
[WhiteElo "2421"]
[BlackElo "2361"]
[PlyCount "125"]
[EventDate "2010.09.18"]

1. d4 Nf6 2. c4 e6 3. Nc3 Bb4 4. Qc2 O-O 5. a3 Bxc3+ 6. Qxc3 b6 7. Bg5 Ba6 8.
Qf3 Nc6 9. e3 Bb7 10. Qd1 d6 11. Nf3 Nb8 12. Bd3 Nbd7 13. O-O c5 14. Qe2 Qe7
15. Nd2 d5 16. cxd5 exd5 17. Rfe1 Qe6 18. f3 Rfe8 19. g4 Nf8 20. Bf4 Qd7 21.
Qf2 cxd4 22. exd4 Rxe1+ 23. Rxe1 Re8 24. Be5 Qa4 25. Kg2 N6d7 26. b3 Qc6 27.
Bg3 Rxe1 28. Qxe1 Ne6 29. Qe3 g6 30. Nb1 b5 31. h4 b4 32. axb4 Qb6 33. b5 Qxd4
34. Qxd4 Nxd4 35. b4 Kf8 36. Bf2 Ne6 37. Kg3 Nb6 38. Nd2 Bc8 39. Nb3 Bd7 40.
Nc5 Be8 41. Nxe6+ fxe6 42. Kf4 Nc4 43. Bxa7 Bxb5 44. Kg5 Kg7 45. Bd4+ e5 46.
Bxe5+ Nxe5 47. Bxb5 Nxf3+ 48. Kf4 Nd4 49. Bd3 Kf6 50. b5 Ne6+ 51. Ke3 Ke5 52.
b6 Kd6 53. Bb5 Nd8 54. Kd4 Ne6+ 55. Kc3 g5 56. hxg5 Nxg5 57. Kb4 Ne6 58. b7 Kc7
59. Bc6 Nd8 60. Bxd5 Nxb7 61. g5 Nd6 62. Kc5 Kd7 63. Kd4 1/2-1/2

[Event "Prva liga Centralne Srbije 2010"]
[Site "Valjevo"]
[Date "2010.09.22"]
[Round "6.5"]
[White "Zivkovic, Ivan B"]
[Black "Prelevic, Dusko"]
[Result "1/2-1/2"]
[WhiteElo "2327"]
[BlackElo "2342"]
[PlyCount "23"]
[EventDate "2010.09.18"]

1. e4 d5 2. exd5 Qxd5 3. Nc3 Qd6 4. d4 Nf6 5. Nf3 a6 6. g3 b5 7. Bg2 Bb7 8. O-O
e6 9. Bf4 Qb6 10. a4 Bd6 11. a5 Qa7 12. Ne5 1/2-1/2

[Event "Prva liga Centralne Srbije 2010"]
[Site "Valjevo"]
[Date "2010.09.22"]
[Round "6.5"]
[White "Organdziev, Oliver"]
[Black "Bojovic, Dusan"]
[Result "0-1"]
[WhiteElo "2321"]
[BlackElo "2342"]
[PlyCount "122"]
[EventDate "2010.09.18"]

1. e4 c5 2. Nf3 Nc6 3. Bb5 e6 4. Bxc6 bxc6 5. d3 Ne7 6. O-O Ng6 7. e5 Be7 8.
Nbd2 Qc7 9. Nc4 O-O 10. Bg5 f6 11. exf6 gxf6 12. Bh6 Rf7 13. Qd2 d5 14. Qa5 Bd6
15. Qxc7 Bxc7 16. Ne3 f5 17. Bg5 e5 18. h4 f4 19. Nd1 Rf5 20. Nc3 Kg7 21. h5 h6
22. Bxh6+ Kxh6 23. hxg6 Be6 24. Rfe1 Rg8 25. Re2 Rh5 26. Ree1 Rxg6 27. Kf1 Bg4
28. Ke2 Ba5 29. Kf1 Bxf3 30. gxf3 d4 31. Ne4 Bxe1 32. Rxe1 Rh1+ 33. Ke2 Rxe1+
34. Kxe1 Rg1+ 35. Kd2 Rf1 36. b3 Kh5 37. a4 Kh4 38. Ke2 Rc1 39. Kd2 Ra1 40.
Nxc5 Kh3 41. Nd7 Kg2 42. Nxe5 c5 43. Nd7 Kxf2 44. Nxc5 Kxf3 45. Ne6 Kg3 46.
Nxd4 f3 47. Nxf3 Kxf3 48. c4 Kf4 49. Kc3 Ke5 50. d4+ Kd6 51. Kb4 Rd1 52. d5 Rd3
53. Kb5 Rxb3+ 54. Ka6 Rb4 55. a5 Rxc4 56. Kxa7 Kxd5 57. Kb7 Rb4+ 58. Kc7 Ra4
59. Kb6 Kd6 60. a6 Rb4+ 61. Ka7 Kc7 0-1

[Event "Prva liga Centralne Srbije 2010"]
[Site "Valjevo"]
[Date "2010.09.22"]
[Round "6.5"]
[White "Toth, Aleksandar"]
[Black "Andrejic, Vladica"]
[Result "1-0"]
[WhiteElo "2296"]
[BlackElo "2163"]
[PlyCount "151"]
[EventDate "2010.09.18"]

1. e4 c5 2. Nf3 e6 3. d3 Nc6 4. g3 g6 5. Bg2 Bg7 6. O-O Nge7 7. c3 e5 8. a3 O-O
9. b4 d6 10. Be3 b6 11. Ra2 Bg4 12. h3 Be6 13. Rd2 Qc8 14. Kh2 f5 15. Bg5 h6
16. Bxe7 Nxe7 17. exf5 gxf5 18. Re1 Qd7 19. c4 Rae8 20. b5 Ng6 21. Qc2 d5 22.
cxd5 Bxd5 23. Nc3 Ba8 24. a4 Re7 25. h4 Rd8 26. Rde2 Qd6 27. h5 Nh8 28. Nh4 Rf7
29. Bxa8 Rxa8 30. Qb3 Kf8 31. Nd5 f4 32. Nc3 Rd8 33. Rd2 Qd4 34. Ne4 Qd5 35.
Qd1 Qe6 36. Qe2 Kg8 37. Rg1 Kh7 38. g4 Bf6 39. Nf3 Rg7 40. Nxf6+ Qxf6 41. Qxe5
Qxe5 42. Nxe5 Rd5 43. Re2 Nf7 44. Ng6 Ng5 45. Re8 Rf7 46. Kg2 Rd4 47. Ne5 Rc7
48. Ra1 Nf7 49. Nxf7 Rxf7 50. Ra3 Kg7 51. Re6 Rfd7 52. Rg6+ Kh7 53. a5 Rg7 54.
axb6 axb6 55. Rxb6 Rxg4+ 56. Kf3 Rg7 57. Raa6 Rxd3+ 58. Kxf4 Rf7+ 59. Ke4 Rdf3
60. Rxh6+ Kg7 61. Rag6+ Kf8 62. Kd5 Rxf2 63. Kxc5 Rc2+ 64. Kb6 Ke7 65. Re6+ Kd7
66. Rd6+ Ke7 67. Rhe6+ Kf8 68. Rf6 Rxf6 69. Rxf6+ Ke7 70. Rc6 Rh2 71. h6 Kd8
72. Kb7 Rh1 73. b6 Kd7 74. Rc7+ Kd6 75. h7 Rh2 76. Kc8 1-0

[Event "Prva liga Centralne Srbije 2010"]
[Site "Valjevo"]
[Date "2010.09.22"]
[Round "6.6"]
[White "Radovanovic, Jovica"]
[Black "Bojkov, Dejan"]
[Result "0-1"]
[WhiteElo "2305"]
[BlackElo "2552"]
[PlyCount "72"]
[EventDate "2010.09.18"]

1. d4 Nf6 2. c4 g6 3. Nc3 Bg7 4. e4 d6 5. Nf3 O-O 6. Be2 e5 7. O-O Na6 8. Re1
c6 9. Bf1 exd4 10. Nxd4 Ng4 11. h3 Qb6 12. hxg4 Qxd4 13. g5 Qxd1 14. Rxd1 Nc5
15. f3 Be5 16. Be3 a5 17. Rab1 Be6 18. Rd2 a4 19. Rc2 Rfd8 20. Rd1 Rdb8 21. a3
b5 22. Na2 bxc4 23. Bxc4 Rxb2 24. Rxb2 Bxb2 25. Bxe6 Nxe6 26. Rxd6 c5 27. Bc1
Bd4+ 28. Kf1 Rb8 29. Ke2 Rb1 30. Bd2 Rb2 31. Kd1 c4 32. Nc1 c3 33. Rxd4 c2+ 34.
Ke1 Nxd4 35. Bc3 Rb1 36. Kd2 Nb3+ 0-1

[Event "Prva liga Centralne Srbije 2010"]
[Site "Valjevo"]
[Date "2010.09.22"]
[Round "6.6"]
[White "Ristic, Nebojsa M"]
[Black "Pantelic, Sasa"]
[Result "0-1"]
[WhiteElo "2377"]
[BlackElo "2359"]
[PlyCount "58"]
[EventDate "2010.09.18"]

1. c4 Nf6 2. Nc3 g6 3. g3 Bg7 4. Bg2 O-O 5. Nf3 d6 6. O-O Nc6 7. d4 Bg4 8. h3
Bxf3 9. Bxf3 Nd7 10. e3 e5 11. d5 Ne7 12. e4 f5 13. exf5 gxf5 14. Bg2 Ng6 15.
h4 e4 16. Ne2 Nc5 17. Rb1 a5 18. Be3 Qe7 19. a3 Nd3 20. h5 Nge5 21. h6 Bf6 22.
Nd4 Bg5 23. Qh5 f4 24. Bxe4 fxe3 25. f4 Nf2 26. Bf5 Nxc4 27. Be6+ Kh8 28. Rxf2
exf2+ 29. Kxf2 Bxf4 0-1